Statistics for Name These Video Nasties

Click here to take the quiz!

General Stats

  • This quiz has been taken 2 times
  • The average score is 25 of 34

Answer Stats

HintAnswer% Correct
George Eastman as an unstoppable killer In Italian Halloween Rip-OffAbsurd
100%
George Eastman stalks people on an island.Antropophagus
100%
Considered the first splatter filmBlood Feast
100%
Cannibalism is a virusCannibal Apocalypse
100%
Considered the "First Found Footage Film."Cannibal Holocaust
100%
Exploding Eggs and CyclopsContamination
100%
Women get engulfed in flames by a serial killer with a flamethrowerDon't Go In The House
100%
Troubled Artist Reno kills vagrants with a power toolDriller Killer
100%
Jesse Lee Kane terrorizes a black Christian familyFight For Your Life
100%
Stars Udo Kier looking for a hyper-sexual man to create his monsterFlesh For Frankenstein
100%
A crazed couple terrorize the island of MykonosIsland Of Death
100%
Rape And Revenge Movie where one of the rapists gets castratedI Spit On Your Grave
100%
Krug and CompanyLast House On The Left
100%
CropsyThe Burning
100%
Sexually abused Molly has visions of castrating menThe Witch Who Came From The Sea
100%
Italian Zombie Film that rips off Dawn Of The Dead and its soundtrackZombie Creeping Flesh
100%
Zombie fighting a sharkZombie Flesh Eaters
100%
There are 13 murders in it.A Bay Of Blood
50%
Giovanni Lombardo Radice described this film as a "Sordid Piece Of Shit."Cannibal Ferox
50%
Marilyn Burns from Texas Chainsaw Massacre Once Again Screaming Her Head OffDeath Trap
50%
Considered the first Italian Cannibal MovieDeep River Savages
50%
The Mastermind Theme plays in itDelirium
50%
JOIN US!!Evil Dead
50%
Clint Howard conjures up Satan on a computerEvilspeak
50%
Anita Ekberg addicted to morphine and heroin goes on a killing spreeKiller Nun
50%
Macha Méril plays a nympho psychopathLate Night Trains
50%
A special form of pesticide brings the dead back to lifeLiving Dead At Manchester Morgue
50%
A Bigfoot gore festNight Of The Demon
50%
Peter Neal, fiction writer is stalked by a crazed fan of his workTenebrae
50%
A woman inherits a hotel that is one of the seven gates to HellThe Beyond
50%
A killer's spirit escapes through a broken mirror and kills once againThe Boogeyman
50%
Cameron Mitchell with power toolsToolbox Murders
50%
Michael Ironside stalks a feminist writer in a hospitalVisiting Hours
50%
Schizophrenic killer stalks a familyNightmares In A Damaged Brain
0%

Score Distribution

Percentile by Number Answered

Percent of People with Each Score

Your Score History

You have not taken this quiz